000 00595nam a2200217Ia 4500
003 GCL
008 140319s9999 xx 000 0 ara d
040 _aGCL /
_cGCL
082 0 4 _a101
_bم ف
100 1 _aمراد وهبة
245 1 0 _aالفلسفة فى مؤتمرات /
_cمراد وهبة
300 _a285 ص
490 _a
650 0 4 _aالماركسية
650 0 4 _aالفلسفة العقلية
650 0 4 _aالليبرالية
650 0 4 _aالعلمانية
650 0 4 _aالفلسفة - مؤتمرات
650 0 4 _aالفلسفة - تاريخ
942 _2ddc
_cBK
999 _c37756
_d37756